MDQL
is popping MORE tags! Check the
thread
!
Quizzes
Events
Quiz Creation
Community
Videos
Private Events
Remove Ads
Sign In
Join for FREE
Feedback
Dark Mode
Quiz Categories
Sports
Geography
Music
Movies
Television
Just For Fun
Miscellaneous
History
Literature
Language
Science
Gaming
Entertainment
Religion
Holiday
For Kids
Quiz Lab
Recent
Popular Today
Quiz Kudos Today
Editor Picks
Curator Picks
Quizzes by...
Day
Popularity
Type
Ratings
Length
Year
Community
Subscriptions
Recent Discussions
Orange Saloon
Badges
Playlists
Quests
Create
Leaderboards
Showdown
Live 5
Trivia Bingo
Activity
Puzzle Library
Sporcle Events
Private Events
Virtual Trivia
Globe League
Become a Host
Pub Owners
SporcleCon
Opinionation
Our Games
Videos
Blog
Mobile Apps
Partnerships
Remove Ads and Go Orange
Feedback
Gaming
Video Games
Board Games
Card Games
Pokémon
Mario
Nintendo
Minecraft
Console
Toys
Legend of Zelda
Gaming
Video Games
Board Games
Card Games
Pokémon
Mario
Nintendo
Minecraft
Console
Toys
Legend of Zelda
Random Quiz
Search Sporcle
×
Quiz Lab
Quiz Lab
Gaming
franchise
Type in answers that appear in a list
Type in answers that appear in a list
Classic
Best Score? Go Orange.
'F' Video Game Franchises Stats
Can you name the 'F' Video Game Franchises?
By
davkirby21
20m
33 Questions
11 Plays
11 Plays
11 Plays
Comments
Comments
Give Quiz Kudos
Give Quiz Kudos
-
- Ratings
hide this ad
Replay
Link that replays current quiz
Next Quiz
Link to next quiz in quiz playlist
You Got
0%
They Got
Avg Score
24%
Avg Friend Score
Upgrade to see
Score Distribution
Jump to the score distribution portion of the page
Score
0/33
Timer
20:00
0
Plays Today
Answer
% Correct
Final Fantasy
90.9%
Fallout
72.7%
Fire Emblem
72.7%
Final Fight
54.5%
FIFA
45.5%
Frogger
45.5%
Far Cry
36.4%
F.E.A.R.
36.4%
F-Zero
27.3%
Football Manager
27.3%
Forza
27.3%
Fable
18.2%
Fatal Frame
18.2%
Fatal Fury
18.2%
Five Nights At Freddy's
18.2%
Front Mission
18.2%
Family Feud
18.2%
Answer
% Correct
Fever
18.2%
FEAR EFFECT
18.2%
F1 Circus
9.1%
F1-Grand Prix
9.1%
Famicom Grand Prix
9.1%
Famicom Dectective Club
9.1%
Family Stadium
9.1%
Fantasy Zone
9.1%
Far East of Eden
9.1%
Fighting Vipers
9.1%
Final Lap
9.1%
Flowers
9.1%
Fortune Street
9.1%
Fossil Fighters
9.1%
Fighting Force
9.1%
Fight Night
9.1%
Quiz Playlist
Details
Report
Send in Message
Add To Playlist
Classic:
Type in answers that appear in a list
Last Updated: Sep 28, 2019
Quiz Scoreboard
CHALLENGE
Sign Up to Join the Scoreboard
Show All
Scores
Hide
Comments
May contain spoilers
Recently Published
1-10 Letter E Words III
by El_Dandy
Language
2m
Street Fighter Characters
by Artimus82
Gaming
60s
College Basketball Coaching Resumes
by pancakes188
Sports
9m
More to Explore
Quiz From the Vault
Featured Blog Post
Where Did the Easter Bunny Come From?
hide this ad
You Might Also Like...
Tags
franchise
Video
Today's Top Quizzes in Gaming
Browse Gaming
hide this ad
Today's Top Quizzes in franchise
Browse franchise
Top Contributed Quizzes in Gaming
1
5-to-1: Consoles
2
7-to-1: Board Game Piece Blitz
3
5-to-1: Legend of Zelda
4
League of Legends Pro Players by Career/Team History
5
Destiny 2 exotic weapons by perk icons
6
Ultimate Genshin Impact Logic Puzzle (up to 4.3)
7
Quick Pick: Video Games Lost in Translation
8
Franchise by Action Figure
9
Who's on the WWE 2K24 Cover?
10
Genshin Impact Logic Puzzle Quiz
Explore More
Trending Topics
NBA
Kpop
Harry Potter
Disney
Crossword
Marvel
Anime
NFL
Song
The Office
Country
Puzzle
Pokémon
Soccer
WWE
hide this ad
More By:
davkirby21
Quiz
Plays
Rating
Category
Featured
Created
BFB CONTESTANTS
5,849
4.67
Entertainment
Nov 6, 2017
BFDI SERIES CHARACTERS
992
5.00
Entertainment
Apr 18, 2020
One Piece Characters: Wano
577
4.50
Entertainment
Aug 22, 2020
ONE PIECE: ISLANDS
268
3.50
Entertainment
Aug 15, 2020
Super Smash Bros Ultimate Characters (In order)
244
Gaming
Jun 12, 2018
Go to Creator's Profile
Score Distribution
Quiz Creator Spotlight
davkirby21
Follow
Send a Message
Quizzes Created
-
Created Quiz Play Count
-
More By This Creator
Popular Quizzes Today
1
Find the US States - No Outlines Minefield
2
Find the Countries of Europe - No Outlines Minefield
3
The Countries of the World
4
Find the US States
5
Risky Map Clicking: Biggest States A-Z
6
US States
7
Popular People in 1961
8
Movies - When Are They Set?
More Gaming Quizzes
Name the wrestlers from WWF Superstars, the arcade game
Quiz Lab
Trending Quizzes
Risky Map Clicking: Least Populous States A-Z
Billboard Blitz: Aretha Franklin
1-10 Letter G Words
Countries of the World: 200 Million BC
1-10 Letter F Words
Recently Updated
Leaping Animals
pecheneg
Reality TV Shows (A-Z)
bhenderson79
Rickey Henderson's Hall of Fame Teammates
pecheneg
Champions League XIs: Arsenal
pecheneg
Quick Pick: Celebrities in WWE's Hall of Fame
aduchscher
A-Z Keypad Blitz II
pecheneg
Multiple Oscar Actors
pecheneg
Mystery Phrase Blitz: Oscar 'Best Actors'
pecheneg
F. Scott Fitzgerald Novels
LTH
Pick 3 Villains
ddd62291
Trending Topics
Anime
NBA
Disney
Harry Potter
Crossword
Marvel
Kpop
Song
Puzzle
NFL
WWE
Pokémon
Soccer
Country
The Office
Your Account Isn't Verified!
In order to create a playlist on Sporcle, you need to verify the email address you used during registration. Go to your
Sporcle Settings
to finish the process.
Report this User
Report this user for behavior that violates our
Community Guidelines
.
Details:
Send Report
Go to the Sporcle.com Mobile Site →
Comments